Teams With Most PL Wins - Statistics

General Stats
  • This quiz has been taken 35 times
  • The average score is 17 of 30
Answer Stats
Wins Team % Correct
641 Arsenal
100%
621 Liverpool
100%
492 Manchester City
100%
718 Manchester United
100%
628 Chelsea
97%
517 Tottenham Hotspur
94%
365 Aston Villa
84%
424 Everton
81%
394 Newcastle United
74%
97 Wolverhampton Wanderers
71%
222 Leeds United
68%
216 Leicester City
68%
151 Crystal Palace
65%
341 Westham United
65%
280 Southampton
61%
262 Blackburn Rovers
55%
83 Burnley
52%
153 Sunderland
52%
99 Norwich City
48%
173 Fulham
45%
149 Bolton Wanderers
35%
117 West Bromwich Albion
35%
82 Swansea City
32%
101 Sheffield Wednesday
29%
165 Middlesbrough
23%
116 Stoke City
23%
85 Wigan Athletic
23%
99 Wimbledon
23%
93 Charlton Athletic
16%
99 Coventry City
10%
No matching quizzes found
Score Distribution
Percent of People with Each Score
Percentile by Number Answered
Your Score History
You have not taken this quiz